000 00487nas a22001817a 4500
999 _c11835
_d11835
003 OSt
005 20230222110933.0
008 230221b ||||| |||| 00| 0 eng d
022 _200101826
040 _cNA
082 _a677
_bTextile
245 _aColourage
_bThe Magazine for Textile and Garment Processing
_cDilip Raghavan
_hEnglish
260 _aMumbai
_bVindhya Press
310 _aMonthly
650 _aTextile
856 _uhttps://colourpublications.in/
942 _2ddc
_cPED
_s1